Culture Générale - Série 58 - Statistiques

Statistiques générales
  • Ce quiz a été pris 554 fois
  • Le résultat moyen est 3 sur 10
Statistiques - réponses
Question Réponse % Correct
Comment appelle-t-on le séchoir à linge, soit rétractable, soit pliable ? Tancarville
65%
Qu'est-ce qu'une cochenille ? Insecte
60%
Qu'est-ce qu'un lupin ? Fleur
42%
Comment appelle-t-on l'élevage des coquillages ? Conchyliculture
22%
Dans les pays socialistes, méthode de rendement fondée sur les innovations techniques et l’émulation des travailleurs Stakhanovisme
18%
Qu'est ce qu'une marie-salope (autre qu'une femme négligée) ? Bateau
17%
Sous quel nom connait-on mieux le coudrier ? Noisetier
17%
Liste détaillée des appels émis et reçus depuis un téléphone mobile. Fadette
16%
Comment appelle-t-on la longue tunique sans manches et sans capuchon, traditionnellement d'Afrique du Nord-Ouest ? Gandoura
5%
Ramification en forme de corne qui pousse sur le bois du cerf, du chevreuil et du daim et dont le nombre, s'accroissant généralement d'une unité chaque été à la repousse des bois, permet d'établir l'âge de l'animal Andouiller
4%
Aucun quiz correspondant
Distribution des résultats
% des personnes avec chaque résultat
Percentile par nombre de réponses
Votre historique - résultats
Vous n’avez pas pris ce quiz